Water resources engineering / (Record no. 547777)
[ view plain ]
| 000 -LEADER | |
|---|---|
| fixed length control field | 00739pam a2200229 a 4500 |
| 020 ## - INTERNATIONAL STANDARD BOOK NUMBER | |
| International Standard Book Number | 0070380104 (TBD) |
| 082 00 - DEWEY DECIMAL CLASSIFICATION NUMBER | |
| Classification number | 627 |
| Author Mark | LIN |
| -- | L-22, P-55 |
| 100 ## - MAIN ENTRY--PERSONAL NAME | |
| Personal name | Ray K |
| 9 (RLIN) | 43901 |
| 110 ## - MAIN ENTRY--CORPORATE NAME | |
| Corporate name or jurisdiction name as entry element | Ray k |
| 9 (RLIN) | 43902 |
| 245 00 - TITLE STATEMENT | |
| Title | Water resources engineering / |
| Statement of responsibility, etc. | Ray K. Linsley ... [et al.]. |
| 250 ## - EDITION STATEMENT | |
| Edition statement | 4th ed. |
| 260 ## - PUBLICATION, DISTRIBUTION, ETC. | |
| Place of publication, distribution, etc. | New York : |
| Name of publisher, distributor, etc. | McGraw-Hill, |
| Date of publication, distribution, etc. | c1992. |
| 300 ## - PHYSICAL DESCRIPTION | |
| Extent | xvi, 841 p. : |
| Other physical details | ill. ; |
| Dimensions | 25 cm. |
| 526 ## - STUDY PROGRAM INFORMATION NOTE | |
| Program name | 0 |
| Interest level | 0 |
| Reading level | 0 |
| Title point value | 627_000000000000000_LIN |
| 650 #0 - SUBJECT ADDED ENTRY--TOPICAL TERM | |
| Topical term or geographic name entry element | Hydraulic engineering. |
| 9 (RLIN) | 3526 |
| 650 #0 - SUBJECT ADDED ENTRY--TOPICAL TERM | |
| Topical term or geographic name entry element | MCE |
| 9 (RLIN) | 379 |
| 700 1# - ADDED ENTRY--PERSONAL NAME | |
| Personal name | Linsley, Ray K. |
| 9 (RLIN) | 2147 |
| 700 1# - ADDED ENTRY--PERSONAL NAME | |
| Personal name | Linsley, Ray K. |
| 9 (RLIN) | 2147 |
| 856 41 - ELECTRONIC LOCATION AND ACCESS | |
| Uniform Resource Identifier | <a href="http://www.loc.gov/catdir/toc/mh021/91040707.html">http://www.loc.gov/catdir/toc/mh021/91040707.html</a> |
| 856 42 - ELECTRONIC LOCATION AND ACCESS | |
| Uniform Resource Identifier | <a href="http://www.loc.gov/catdir/description/mh022/91040707.html">http://www.loc.gov/catdir/description/mh022/91040707.html</a> |
| 942 ## - ADDED ENTRY ELEMENTS (KOHA) | |
| Source of classification or shelving scheme | |
| Koha item type | Book |
| Withdrawn status | Lost status | Source of classification or shelving scheme | Damaged status | Not for loan | Permanent Location | Current Location | Date acquired | Total Checkouts | Full call number | Barcode | Date last seen | Date last checked out | Price effective from | Koha item type |
|---|---|---|---|---|---|---|---|---|---|---|---|---|---|---|
| Military College of Engineering (MCE) | Military College of Engineering (MCE) | 08/06/2014 | 1 | 627 LIN | MCE-28524 | 10/14/2019 | 09/12/2017 | 08/06/2014 | Book |
